000 00447nam a22001817a 4500
003 OSt
008 250409b |||||||| |||| 00| 0 eng d
020 _a9789388902779
082 _a615.19 SIC
100 _aSiddiqui, Anees Ahmad
245 _aComputer Aided Drug Design
260 _aN.Delhi
_bCBS Pub.
_c2024
300 _ax,158
650 _aComputer aided design
700 _aHarish Kumar
700 _aKhusal, Subuhi
942 _2ddc
_cBK
999 _c13261
_d13261